[Event "Vergani Le Terrazze-Elite 2019"]
[Site "Villorba"]
[Date "2019.01.05"]
[Round "7"]
[White "Andriasian, Zaven"]
[Black "Velten, Paul"]
[Result "1/2-1/2"]
[WhiteElo "2604"]
[BlackElo "2496"]
[Annotator "TA"]
[PlyCount "45"]
[EventDate "2019.01.02"]
[EventType "swiss"]
[EventCountry "ITA"]
[SourceTitle "playchess.com"]
[Source "ChessBase"]
[SourceQuality "1"]

{[%evp 19,45,14,38,-12,13,-12,-24,-45,-23,-37,-31,-62,-35,-43,-29,-45,-14,-14,-14,-4,0,-8,0,-16,-17,-17,-17,-32]} 1. e4 e5 2. Nf3 Nf6 3. Nxe5 d6 4. Nf3 Nxe4 5. Nc3 Nxc3 6. dxc3 Be7 7. Be3 O-O 8. Qd2 {C42: Petroff Defence: 3 Nxe5 and unusual White 3rd moves} Nd7 {[%cal Bb8d7,Bd7e5,Be5g4,Bg4f6,Bf6e4,Be4f2][%mdl 32]} 9. O-O-O c6 (9... Nf6 10. Bd3 c5 11. Rhe1 Be6 12. Kb1 Qa5 13. c4 Qxd2 14. Bxd2 h6 15. Nh4 Rfe8 {½-½ (55) Carlsen,M (2835)-Caruana,F (2832) London 2018}) 10. Kb1 d5 {LiveBook: 18 Games} 11. Nd4 Ne5 12. f4 $146 ({Predecessor:} 12. h3 Re8 13. g4 Bf8 14. Nb3 b5 15. Bc5 Bxc5 16. Nxc5 {½-½ (34) Amin,B (2655)-Das,A (2441) Dubai 2016}) 12... Ng4 13. Bg1 Nf6 14. Bd3 Re8 15. Nf3 Ne4 16. Qc1 {[#] Black must now prevent Bxe4.} Bf6 17. h3 Qa5 18. Bd4 {The position is equal.} Bxd4 19. Nxd4 Nf2 {And now ...Bd7 would win.} 20. Rhe1 {[%cal Re1e8] [#]} Bd7 21. Rxe8+ Rxe8 22. Re1 Qd8 23. Rxe8+ {Precision: White = 34%, Black = 42%.} 1/2-1/2

[Event "Vergani Le Terrazze-Elite 2019"]
[Site "Villorba"]
[Date "2019.01.05"]
[Round "7"]
[White "Ter-Sahakyan, Samvel"]
[Black "Buhmann, Rainer"]
[Result "1-0"]
[WhiteElo "2574"]
[BlackElo "2574"]
[Annotator "TA"]
[PlyCount "89"]
[EventDate "2019.01.02"]
[EventType "swiss"]
[EventCountry "ITA"]
[SourceTitle "playchess.com"]
[Source "ChessBase"]
[SourceQuality "1"]

{[%evp 32,89,0,0,0,9,38,33,77,76,76,77,77,83,86,81,77,73,77,59,77,72,124,112,125,125,125,125,119,123,241,221,241,245,223,235,362,353,716,703,696,657,570,266,270,279,271,275,271,264,293,99,90,77,254,256,257,248,920,949]} 1. e4 e5 2. Nf3 Nc6 3. Bb5 {[%cal Bf1b5,Bb5a4,Ba4b3][%mdl 32]} a6 4. Ba4 Nf6 5. O-O Be7 6. Re1 b5 7. Bb3 d6 8. c3 O-O 9. h3 Re8 10. d4 Bb7 11. Nbd2 Bf8 12. Bc2 h6 13. d5 Nb8 {[%cal Bc6b8,Bb8d7,Bd7c5][%mdl 32]} 14. b3 c6 15. c4 Nbd7 16. Nf1 {C95: Closed Ruy Lopez: Breyer Variation with 10 d4} Qc7 17. Be3 {LiveBook: 3 Games} a5 {[#]} 18. Ng3 $146 {The position is equal.} ({Predecessor:} 18. Rc1 Ba6 19. cxb5 Bxb5 20. Bd3 Qb7 21. Bxb5 cxb5 22. Ng3 Rec8 23. Qd3 h5 {½-½ (95) Caruana,F (2807)-Ding,L (2755) Saint Louis 2016}) 18... Reb8 19. Rc1 Nc5 20. cxb5 cxb5 21. Bd3 Bc8 22. Qe2 b4 23. Bxc5 dxc5 24. Qb2 Nd7 25. Nf5 a4 26. Red1 Ra7 ({Black should try} 26... axb3 27. axb3 Ra3) 27. bxa4 $1 $16 Nb6 28. d6 $1 {[%cal Rd6c7]} (28. Nxe5 Nxa4 29. Qa1 Bxf5 $11) 28... Bxd6 29. Nxd6 Qxd6 30. Bb5 $1 Qc7 (30... Qf8 $16) 31. Qxe5 $18 Be6 32. Rd6 $1 (32. Rxc5 Qxe5 33. Nxe5 Nxa4 $14) (32. Qxc5 Qxc5 33. Rxc5 Nxa4 $17) 32... Rc8 {[#]} 33. Nd4 $1 {[%cal Rd4e6]} Bxa2 (33... Nd7 $142 34. Qg3 (34. Nxe6 Nxe5 35. Nxc7 Raxc7 $16) 34... Nf8) 34. Nc6 ({Not} 34. Nf5 f6 $16) 34... c4 $2 (34... Rb7 35. a5 f6 36. Qxc5 Nd7 37. Ne7+ Kf7 38. Rxd7 (38. Nxc8 Nxc5 39. Rc6 Qf4 $15) 38... Qxc5 39. Nxc8+ Rxd7 40. Rxc5 Rd1+ 41. Kh2 Kg6 42. Be8+ Kh7) 35. Nxa7 Qxa7 36. Qd4 b3 37. Qxb6 (37. e5 $142) 37... Qxb6 38. Rxb6 b2 39. Re1 c3 40. Be2 Bc4 {Now ...Bxe2 and Black clings on.} 41. Bg4 $2 (41. Kf1 $18) 41... Ra8 $16 42. Bd1 Rd8 $2 {[#]} (42... Bd3 $16) 43. Bc2 $1 $18 Rd2 44. Bb1 {Threatens to win with Kh2.} Be2 $2 (44... c2 45. Rxb2 Rd1 46. Bxc2 Rxe1+ 47. Kh2 Re2 48. Rb8+ Kh7) 45. Rc6 {Precision: White = 87%, Black = 45%.} 1-0

[Event "Vergani Le Terrazze-Elite 2019"]
[Site "Villorba"]
[Date "2019.01.05"]
[Round "7"]
[White "Bernadskiy, Vitaliy"]
[Black "Gilevych, Artem"]
[Result "1-0"]
[WhiteElo "2550"]
[BlackElo "2404"]
[Annotator "TA"]
[PlyCount "99"]
[EventDate "2019.01.02"]
[EventType "swiss"]
[EventCountry "ITA"]
[SourceTitle "playchess.com"]
[Source "ChessBase"]
[SourceQuality "1"]

{[%evp 19,98,12,44,16,18,0,0,-8,0,-25,-25,-18,-39,-22,-35,-54,-41,-40,-21,-28,-19,-35,-44,-35,-14,-27,-16,-16,13,-31,-31,-29,-38,-59,-41,-450,-191,-196,-141,-144,-91,-264,-172,-258,-262,-395,-256,-253,-264,-299,-148,-208,0,-304,-284,-288,-280,-260,-150,-152,-35,-40,-8,-158,-8,-9,0,0,29991,29992,29992,29989,29989,29990,29992,29993,29993,29994,29994,29990,29999]} 1. c4 e6 2. Nc3 d5 3. d4 Bb4 4. a3 Bxc3+ 5. bxc3 c6 6. e3 Nf6 7. Nf3 O-O 8. a4 {E51: Nimzo-Indian: Rubinstein: 4...0-0 5 Nf3 d5} b6 9. Ba3 Re8 10. cxd5 cxd5 {LiveBook: 10 Games} 11. Nd2 $146 ({Predecessor:} 11. Bb5 Bd7 12. Be2 Qc7 13. Rc1 Qc6 14. a5 b5 15. Ne5 Qc7 {1-0 (60) Korobov,A (2664)-Brkic,A (2590) Batumi 2018}) 11... Bb7 12. a5 bxa5 13. Rb1 Bc6 14. g4 Nbd7 15. h4 Qc7 16. g5 Ne4 17. Nxe4 dxe4 18. c4 Rad8 19. Qc1 $1 Rb8 20. Ra1 a4 21. Be2 Rb7 22. Kf1 Rc8 23. h5 Qa5 24. g6 fxg6 25. hxg6 hxg6 26. Bg4 {[%cal Rg4e6]} Re8 27. Bxe6+ (27. Bd6 $15) 27... Rxe6 $19 28. d5 {[#]} Bxd5 $1 29. cxd5 $17 Rc7 (29... Re8 $142 30. Qc4 Rc7) 30. Qd1 $2 (30. dxe6 $17 Rxc1+ 31. Rxc1 Qa6+ {[%mdl 64] Double Attack} 32. Kg2 Qxe6 33. Rc8+ Kf7 34. Rhc1) 30... Qb5+ 31. Qe2 (31. Kg2 $142 Re5 32. Bd6 Rxd5 33. Bxc7 Rxd1 34. Rhxd1) 31... Qxd5 $19 32. Rd1 (32. Qd1 {is a better defense.} Qb5+ 33. Kg1) 32... Qf5 33. Rh2 a6 34. Kg1 Qf3 (34... Rb6 $19 {and Black stays clearly on top. Threatens to win with ...Rc3.} 35. Qd2 Rb3) 35. Qd2 (35. Qxf3 $17 {only move.} exf3 36. Rh4) 35... Qf5 $2 (35... Nf6 $19 36. Rb1 Rc8) 36. Rb1 $2 {[%mdl 8192]} (36. Qe2 $1 $11) 36... Kf7 37. Rh8 {Black must now prevent Qxd7+!} g5 38. Qd1 {And now Qh5+ would win.} g4 (38... Qf3 $19 39. Qxa4 Qg4+ 40. Kh1 Rcc6) 39. Bd6 $17 Rc6 (39... Rc4 $17 40. Bf4 Nf6) 40. Bf4 $1 $15 Nf6 {...Kg6 is the strong threat.} 41. Rb7+ {[#]} (41. Qd8 $1 $11 Kg6 42. Rb7) 41... Kg6 ({Black should try} 41... Re7 $1 $17 {[%cal Re7b7]} 42. Rxe7+ Kxe7 43. Qxa4 Qb5) 42. Qd8 $1 $40 {[%mdl 128] Black needs to defend precisely.} Rc1+ 43. Kg2 Nh5 $2 {[%mdl 8192]} ({Worse is} 43... Qd5 {[#]} 44. Rxg7+ $1 {[%mdl 512]} Kxg7 45. Qf8+ Kg6 46. Qh6+ Kf7 47. Rf8+ Ke7 48. Qg7#) (43... Qc5 $11 44. Rc7 Rc6) 44. Qg8 {[%csl Gf4][%cal Rh8h6] White mates.} Qxf4 45. exf4 Nxf4+ 46. Kg3 Ne2+ 47. Kh2 Kf5 48. Rh5+ Kf4 49. Qxe6 {[%cal Re6f7]} Ng1 50. Qf5# {Accuracy: White = 43%, Black = 42%.} 1-0

[Event "Vergani Le Terrazze-Elite 2019"]
[Site "Villorba"]
[Date "2019.01.05"]
[Round "7"]
[White "Shyam, Sundar M."]
[Black "Basso, Pier Luigi"]
[Result "1-0"]
[WhiteElo "2509"]
[BlackElo "2522"]
[Annotator "TA"]
[PlyCount "93"]
[EventDate "2019.01.02"]
[EventType "swiss"]
[EventCountry "ITA"]
[SourceTitle "playchess.com"]
[Source "ChessBase"]
[SourceQuality "1"]

{[%evp 24,93,18,15,25,16,41,29,32,13,22,18,21,18,28,22,16,13,67,60,78,67,68,76,69,66,88,77,125,129,185,172,192,136,142,94,151,124,144,142,145,154,141,145,154,138,136,89,658,262,361,352,443,285,273,278,270,271,290,290,267,280,278,275,245,264,345,345,332,306,408,401]} 1. e4 e5 2. Nf3 Nc6 3. Bb5 g6 4. d4 exd4 5. Bg5 Be7 6. Bxe7 Qxe7 7. Bxc6 dxc6 8. Qxd4 Nf6 9. Nc3 Bg4 {C60: Ruy Lopez: Unusual Black 3rd moves and 3...g6} 10. Nd2 (10. O-O-O Bxf3 11. gxf3 a5 12. Qe3 Nd7 13. Ne2 O-O-O 14. Qa7 Qc5 15. Qxc5 Nxc5 16. h4 Ne6 17. h5 Rxd1+ 18. Kxd1 {½-½ (50) Kobalia,M (2620)-Paravyan,D (2629) Sochi 2018}) 10... c5 11. Qe3 O-O-O 12. h3 Be6 13. O-O-O {LiveBook: 17 Games} Kb8 14. Nf3 h5 $146 ({Predecessor:} 14... Bc8 15. e5 Rxd1+ 16. Rxd1 Nd7 17. Nd5 {½-½ (25) Sanchez Romero,M-Garcia Rodriguez,I (2217) ICCF email 2016}) 15. Qg5 Rhe8 16. Rhe1 Rxd1+ 17. Rxd1 Bc8 18. e5 Nd7 19. Qxe7 Rxe7 20. Nd5 Re6 (20... Re8 $11) 21. Re1 c6 22. Nf4 Re7 $1 23. e6 $36 {[%mdl 2048] White is in control.} Nf8 {[%cal Rf8e6]} 24. exf7 Rxf7 25. g3 Rf6 {[#]} 26. Ng5 $1 Bd7 (26... h4 $16 {keeps fighting.}) 27. h4 a5 28. Re7 (28. f3 $18) 28... Bf5 $16 29. c3 c4 (29... a4 $142) 30. f3 {[%cal Bf2f3,Bf3e4,Be4e5][%mdl 32]} Nd7 {[#]} 31. Ne4 $1 {[%cal Re4f6]} Bxe4 32. fxe4 {[%mdl 4096] Endgame KRN-KRN} Nc5 33. e5 Rf5 34. e6 {Hoping for Rf7.} Re5 35. Nxg6 Re2 $2 {[%mdl 8192]} (35... Rxe6 $16 36. Rxe6 Nxe6) 36. Nf4 $2 (36. Re8+ Kc7 37. e7) 36... Nd3+ 37. Kd1 Re3 38. Nxd3 Rxd3+ $18 {KR-KR} 39. Ke2 Rxg3 40. Rh7 Rg6 41. e7 ({Don't play} 41. Rxh5 $6 Rxe6+ 42. Kf3 Re1 $16) 41... Re6+ 42. Kf3 {Threatens to win with Rh8+.} Kc8 43. Rxh5 Rxe7 44. Rxa5 b5 45. Ra8+ Kb7 46. Rg8 Re1 47. Rg2 {Accuracy: White = 77%, Black = 47%.} 1-0

[Event "Vergani Le Terrazze-Elite 2019"]
[Site "Villorba"]
[Date "2019.01.05"]
[Round "7"]
[White "Sonis, Francesco"]
[Black "Ashwath, R.."]
[Result "1/2-1/2"]
[WhiteElo "2473"]
[BlackElo "2314"]
[Annotator "TA"]
[PlyCount "121"]
[EventDate "2019.01.02"]
[EventType "swiss"]
[EventCountry "ITA"]
[SourceTitle "playchess.com"]
[Source "ChessBase"]
[SourceQuality "1"]

{[%evp 18,121,24,18,56,50,70,7,50,-1,25,-26,-10,-10,-16,-29,-22,-10,-15,-82,-88,-97,-68,-57,-60,-88,-36,-58,-31,-136,-123,-118,-113,-102,-90,-95,-71,-80,-91,-151,-111,-110,-110,-113,-112,-105,-102,-117,-90,-91,-49,-105,-12,-12,-12,-12,-12,-12,-12,-12,-12,-12,-12,-12,-12,-12,-12,-12,-12,-12,-12,-12,-12,-12,-12,-12,-12,-12,0,-12,0,-12,-12,-12,-12,-12,0,-12,-12,-12,-12,-12,-12,-12,-12,-12,-12,-12,-12,-12,-12,-12,0,-12,-12,-12]} 1. c4 e6 2. Nf3 d5 3. e3 Nf6 4. Nc3 c5 5. cxd5 exd5 6. d4 a6 7. Be2 Nc6 8. O-O Bd6 9. b3 {D32: Tarrasch Defence: Sidelines and lines without g3} cxd4 10. Nxd4 {LiveBook: 21 Games} Nxd4 (10... Be5 11. Nxc6 bxc6 12. Bb2 h5 13. f4 Bb8 14. Na4 Ba7 15. Bd4 Bg4 16. Bxg4 hxg4 17. Rc1 {1-0 (68) Mamedyarov,S (2801)-Navara,D (2741) Biel 2018}) 11. Qxd4 {White is slightly better.} Qc7 12. f4 (12. Bb2 $14) 12... O-O $146 ({Predecessor:} 12... Be6 13. Bb2 O-O 14. Rac1 Bc5 15. Qd3 Qb6 16. Nd1 Ne4 17. Bd4 Bxd4 18. exd4 {½-½ (26) Roy,A (1801)-Dragieva,D (1992) Albena 2011}) 13. Bf3 ({Better is} 13. Bb2 $14 Bc5 14. Nxd5 Bxd4 15. Nxc7 Bxb2 16. Nxa8) 13... Rd8 14. Qd3 {[#]} (14. Nxd5 $142 Nxd5 15. Bxd5) 14... Bf5 $1 {[%mdl 512]} 15. Qxf5 Qxc3 16. Rb1 Bc5 17. Kh1 Bxe3 18. Bxe3 (18. Bb2 $11 Qc8 19. Qxc8 Raxc8 20. Bxf6 gxf6 21. Rbd1) 18... Qxe3 $17 19. Rbe1 Qc5 $36 {[%mdl 2048] Black is pushing.} 20. g4 Rac8 {[%cal Ba8c8,Bc8c2,Bc2f2][%mdl 32]} 21. Re5 {g5 would now be nice for White.} Qc2 (21... Qd6 $17 22. Rd1 g6) 22. Qxc2 $15 Rxc2 23. Rd1 (23. g5 $15 Ne4 {[#]} 24. Rxd5 $1 {[%mdl 512]} Rxd5 25. Bxe4) 23... Rf2 $17 (23... Rxa2 24. g5 $15) 24. Re3 h5 ({Much weaker is} 24... Rxa2 $6 25. g5 $15) 25. h3 hxg4 (25... Rxa2 $6 26. g5 $11) 26. hxg4 Rc8 ({Don't play} 26... Rxa2 $6 27. g5 $15) 27. Kg1 Rxa2 28. f5 (28. g5 $142 Ne4 29. Rxd5) 28... Ne4 29. Rxd5 Rc1+ 30. Rd1 Rxd1+ 31. Bxd1 Ra1 32. Rxe4 {Hoping for Rd4.} Rxd1+ {[%mdl 4096] Endgame KR-KR} 33. Kf2 f6 34. Re7 (34. Re6 $15) 34... Rd4 ({Black should try} 34... b5 $17 {And now ...Rd2+ would win.} 35. Ra7 Rb1 36. Rxa6 Rxb3) 35. Rxb7 $11 {The position is equal.} Rxg4 {Threatens to win with ...Rf4+.} 36. Kf3 Rd4 {White must now prevent ...Rd5.} 37. Rb6 Rd5 38. Ke4 Re5+ 39. Kf4 Ra5 40. Kg4 Kh7 41. Rd6 Ra3 42. Rb6 Ra1 43. Rb8 Rg1+ 44. Kf4 Rf1+ 45. Kg4 Ra1 46. Kf4 Ra5 {...Rb5 is the strong threat.} 47. Rb6 Ra3 48. Kg4 Ra1 49. Rb8 a5 50. Ra8 Ra3 51. Rb8 Ra1 52. Ra8 Rb1 53. Rxa5 Rxb3 54. Ra4 Rb1 55. Ra2 Rb4+ 56. Kf3 Rc4 57. Rh2+ Kg8 58. Rh1 Kf7 59. Ra1 Kg8 60. Rh1 Rc3+ 61. Ke4 {Precision: White = 63%, Black = 52%.} 1/2-1/2

[Event "Vergani Le Terrazze-Elite 2019"]
[Site "Villorba"]
[Date "2019.01.05"]
[Round "7"]
[White "Prithu Gupta"]
[Black "Dreev, Aleksey"]
[Result "1/2-1/2"]
[WhiteElo "2462"]
[BlackElo "2670"]
[Annotator "TA"]
[PlyCount "104"]
[EventDate "2019.01.02"]
[EventType "swiss"]
[EventCountry "ITA"]
[SourceTitle "playchess.com"]
[Source "ChessBase"]
[SourceQuality "1"]

{[%evp 17,104,31,23,18,31,9,25,18,9,0,24,20,16,2,47,0,38,-14,-7,-21,-20,-11,31,16,43,-21,-21,-21,-24,-24,-28,-24,-15,-50,-23,-21,-20,-10,-16,-14,40,0,23,-18,12,-16,0,-92,-91,-83,-84,-98,-29,-82,-60,-44,0,-78,-37,-30,-31,-32,-32,-32,-32,-43,-2,-2,0,-222,-202,-222,-220,-531,-511,-2014,-51,-51,0,0,0,0,0,0,0,0,0,0,0]} 1. e4 e5 2. Nf3 Nc6 3. Bb5 g6 4. c3 a6 5. Ba4 Bg7 6. d4 {C70: Ruy Lopez: 3...a6 4 Ba4, Norwegian and Delayed Schliemann} exd4 (6... b5 7. Bb3 exd4 8. cxd4 d6 9. h3 Nf6 10. O-O O-O 11. Re1 Bb7 12. Nbd2 Nb4 13. Nf1 {0-1 (33) Hansen,E (2629)-Anand,V (2771) Batumi 2018}) 7. cxd4 b5 8. Bc2 d6 9. h3 Nf6 {LiveBook: 3 Games} 10. O-O O-O 11. Nc3 Bb7 12. Bg5 h6 13. Be3 $146 ({Predecessor:} 13. Bh4) 13... Re8 14. Nd2 {[%cal Bf3d2,Bd2b3,Bb3a5][%mdl 32]} Rc8 15. a3 Nd7 16. Ne2 Ne7 17. b4 (17. a4 $14) 17... c5 $11 18. Nb3 {[%cal Rd4c5]} cxd4 19. Bxd4 Ne5 20. Na5 Ba8 21. f4 (21. Ra2 $14) 21... Nc4 22. Nxc4 Bxd4+ 23. Nxd4 {Hoping for Ne3.} Rxc4 24. Bb3 Bxe4 {Black wants to play ...Qb6.} 25. Re1 d5 (25... Nd5 $5 {[%cal Rd5f4]} 26. Bxc4 bxc4 $15) 26. Bxc4 bxc4 27. Qd2 Qb6 28. Qf2 Rb8 (28... Qf6 $11) 29. Rac1 Qd6 30. Qe3 Kh7 31. Red1 Qf6 32. Ne2 (32. g4 $11) 32... Nf5 $17 {[%mdl 1024] Black has strong compensation.} 33. Qf2 Bd3 34. Ng3 Nd6 (34... Re8 $17 35. Nxf5 gxf5) 35. Qf3 (35. Ne2 $11 {keeps the balance.}) 35... Qd4+ 36. Qf2 Qf6 37. Qf3 d4 38. Rxd3 cxd3 {[%cal Bc4d3,Bd3d2][%mdl 32]} 39. Ne4 Nxe4 40. Qxe4 $15 {[%mdl 4096] Endgame KQR-KQR} d2 $36 {[%mdl 2048] Black fights for an advantage.} 41. Rd1 {[#]} a5 $1 {[%mdl 512]} 42. bxa5 Rb2 43. Qe2 $2 (43. Kh2 $11) 43... Qxf4 $19 44. a6 {[#]} Qe3+ $1 45. Qf2 $2 {[#]} (45. Kf1 {was the crucial defense.} Qxa3 46. Kf2) 45... Rc2 $1 {[%cal Rc2c1]} 46. Kf1 (46. Qxe3 $142 dxe3 47. Kf1) 46... f5 $2 ({Black should try} 46... Qb3 $19 {( -> ...Rc1)} 47. Rxd2 Rc1+ 48. Qe1 Qc4+ 49. Kf2 Rxe1 50. Kxe1 d3) 47. a7 $1 $15 Qd3+ (47... Qxa3 $15 48. Qxd4 Rc7 49. Rxd2 Qxa7) 48. Qe2 $11 {The position is equal.} Qxa3 49. a8=Q Qxa8 50. Qe7+ Kh8 {Threatens to win with ...Qd5.} 51. Qf6+ Kh7 {And now ...Qa7 would win.} 52. Qf7+ Kh8 {Accuracy: White = 53%, Black = 45%.} 1/2-1/2

[Event "Vergani Le Terrazze-Elite 2019"]
[Site "Villorba"]
[Date "2019.01.05"]
[Round "7"]
[White "Sadhwani, Raunak"]
[Black "Epishin, Vladimir"]
[Result "0-1"]
[WhiteElo "2451"]
[BlackElo "2563"]
[Annotator "ChessBase"]
[PlyCount "42"]
[EventDate "2019.01.02"]
[EventType "swiss"]
[EventCountry "ITA"]
[SourceTitle "playchess.com"]
[Source "ChessBase"]
[SourceQuality "1"]
[TimeControl "5400+30"]

1. e4 {[%emt 0:00:00]} d5 {[%emt 0:00:06]} 2. exd5 {[%emt 0:00:00]} Qxd5 {[%emt 0:00:07]} 3. Nf3 {[%emt 0:00:21]} Nf6 {[%emt 0:04:55]} 4. Be2 {[%emt 0:00:17]} c5 {[%emt 0:02:52]} 5. O-O {[%emt 0:01:02]} Nc6 {[%emt 0:02:26]} 6. Nc3 {[%emt 0:00:09]} Qd8 {[%emt 0:00:32]} 7. Bb5 {[%emt 0:14:28]} Bd7 {[%emt 0:00:24]} 8. d4 {[%emt 0:10:38]} Nxd4 {[%emt 0:14:50]} 9. Nxd4 {[%emt 0:00:23]} cxd4 {[%emt 0:00:09]} 10. Qxd4 {[%emt 0:00:06]} Bxb5 {[%emt 0:02:41]} 11. Qxd8+ {[%emt 0:00:52]} Rxd8 {[%emt 0:07:58]} 12. Nxb5 {[%emt 0:00:05]} a6 {[%emt 0:00:46]} 13. Nc3 {[%emt 0:00:03]} e6 {[%emt 0:00:55]} 14. Bg5 {[%emt 0:01:22]} Be7 {[%emt 0:09:31]} 15. Rad1 {[%emt 0:00:15]} Nd7 {[%emt 0:03:51]} 16. Bf4 {[%emt 0:01:52]} Rc8 {[%emt 0:00:18]} 17. Rfe1 {[%emt 0:06:25]} Nb6 {[%emt 0:03:23]} 18. Re2 {[%emt 0:01:59]} O-O {[%emt 0:02:47]} 19. Ne4 {[%emt 0:00:52]} Rfd8 {[%emt 0:01:21]} 20. Rd3 {[%emt 0:58:51]} Rd7 21. Rxd7 {[%emt 0:00:00]} Rd8 {[%emt 0:00:57]} 0-1

[Event "Vergani Le Terrazze-Elite 2019"]
[Site "Villorba"]
[Date "2019.01.05"]
[Round "7"]
[White "Blohberger, Felix"]
[Black "Jobava, Baadur"]
[Result "1/2-1/2"]
[WhiteElo "2450"]
[BlackElo "2629"]
[Annotator "TA"]
[PlyCount "40"]
[EventDate "2019.01.02"]
[EventType "swiss"]
[EventCountry "ITA"]
[SourceTitle "playchess.com"]
[Source "ChessBase"]
[SourceQuality "1"]

{[%evp 14,40,16,14,20,21,21,8,6,6,8,4,14,3,13,-9,14,13,7,5,24,0,28,12,16,0,10,14,20]} 1. c4 Nf6 2. Nc3 c6 3. Nf3 d5 4. e3 a6 5. b3 Bf5 6. Bb2 {A11: English Opening: 1...c6} h6 7. d4 e6 8. Bd3 {LiveBook: 6 Games} Nbd7 9. O-O Bd6 10. Qc2 Bxd3 11. Qxd3 O-O 12. Rad1 $146 ({Predecessor:} 12. e4 dxe4 13. Nxe4 Nxe4 14. Qxe4 Qe7 {½-½ (14) Khalifman,A (2619)-Laznicka,V (2593) Moscow 2007}) 12... a5 13. Nd2 Qb8 14. g3 Rd8 15. e4 dxe4 16. Ndxe4 Nxe4 17. Qxe4 Nf6 18. Qe2 Bf8 {The position is equal.} 19. Rd2 Rd7 20. Rfd1 Qd8 {Accuracy: White = 49%, Black = 26%.} 1/2-1/2

[Event "Vergani Le Terrazze-Elite 2019"]
[Site "Villorba"]
[Date "2019.01.05"]
[Round "7"]
[White "Ochsner, Bjorn Moller"]
[Black "Gazik, Viktor"]
[Result "1/2-1/2"]
[WhiteElo "2447"]
[BlackElo "2504"]
[Annotator "TA"]
[PlyCount "126"]
[EventDate "2019.01.02"]
[EventType "swiss"]
[EventCountry "ITA"]
[SourceTitle "playchess.com"]
[Source "ChessBase"]
[SourceQuality "1"]

{[%evp 32,126,101,68,97,34,79,38,122,121,136,-6,790,770,1060,1069,1031,0,0,0,1008,1009,2406,2362,29991,5828,5820,0,29991,0,5812,5812,3225,3030,1864,0,1205,0,1700,1184,1189,906,1733,1663,29991,29988,29988,1107,942,0,29988,29989,29989,29990,29990,5531,3130,3220,2327,2054,1287,0,1110,0,1315,1318,985,862,838,797,668,58,47,60,52,0,0,0,0,0,0,0,0,0,0,0,0,0,0,0,0,0,0,0,0,0,0]} 1. e4 c5 2. Nf3 Nf6 3. e5 Nd5 4. Nc3 e6 5. Nxd5 exd5 6. d4 Nc6 7. dxc5 Bxc5 8. Qxd5 Qb6 9. Bc4 Bxf2+ 10. Ke2 O-O 11. Rf1 Bc5 12. Ng5 Nd4+ 13. Kd1 Ne6 14. Ne4 d6 15. exd6 Rd8 16. Bd3 Bxd6 17. Qh5 $1 {LiveBook: 17 Games. Threatens to win with Nf6+.} Bc7 {B29: Sicilian: 2 Nf3 Nf6 (Nimzowitsch Variation)} 18. Qxf7+ Kh8 {[#]} 19. Bg5 $146 ({Predecessor:} 19. Qh5 Rxd3+ 20. cxd3 Bd7 21. Bd2 Bb5 22. Bc3 Bxd3 23. Ng5 Bg6 24. Nf7+ Kg8 25. Qf3 Rf8 26. Qg4 Bxf7 27. Ke1 Re8 28. Rd1 Nf4+ 29. Kd2 Qe3+ 30. Kc2 Qe4+ {0-1 (30) Azarov,S (2567)-Kantans,T (2478) chess.com INT 2018}) 19... Bd7 ({Better is} 19... Nf4 $1 $14 20. Bxf4 (20. Rxf4 Be6 $11) 20... Bg4+ 21. Kc1 Rd7) 20. Bxd8 $40 {[%mdl 128] White is out for blood.} Rxd8 21. Qf5 (21. Nc3 $16 {Strongly threatening Qf5.} Qc5 22. h4) 21... Qxb2 $2 {[%mdl 8192] [#]} (21... Nf4 $11 22. Qc5 Qxb2 23. Qxc7 Bg4+ 24. Ke1 Nxd3+ 25. Kd2 Qb4+ 26. Nc3 Qd4 27. Qxd8+ Qxd8 28. cxd3 g6) 22. Nc3 $1 $18 {[%csl Gd3][%cal Rf5h7][%mdl 512]} g6 (22... Qxc3 23. Qxh7#) 23. Qf6+ Kg8 24. Qf7+ Kh8 25. Qf6+ Kg8 26. Rb1 Qa3 27. Nd5 Bd6 {[#]} 28. Qf7+ (28. Bxg6 $142 $1 Qc1+ (28... hxg6 29. Qxg6+) 29. Rxc1 Ng5 30. Qxd8+ Kg7 31. Qf6+ Kg8 32. Qxg5 hxg6 33. Qxg6+ Kh8 34. Nf6 Bg4+ 35. Qxg4 Bxh2 36. Qg8#) 28... Kh8 29. Qf6+ (29. Rxb7 $18 Qa4 30. Qf6+ Kg8 31. Rf4 $3 {[%mdl 512]} Qxf4 32. Nxf4 {[%mdl 64] Pin}) 29... Kg8 {[#]} 30. Qf7+ (30. Bxg6 $142 $1 Be8 (30... hxg6 31. Qxg6+) 31. Qxe6+ {[%mdl 64] Double Attack} Kh8 32. Rxb7 Be7 33. Qe5+ Kg8 34. Rf8+ $1 {[%mdl 512]} Bxf8 35. Bxh7#) 30... Kh8 31. Rxb7 {White wants to mate with Qf6+.} Qa4 32. Qf6+ Kg8 33. Qf7+ Kh8 34. Qf6+ Kg8 35. Ne7+ Bxe7 36. Qxe7 Qc6 37. Rxa7 Rb8 38. Qf7+ Kh8 39. Qf6+ (39. Rxd7 $142 Rb1+ 40. Kd2 Qxg2+ 41. Kc3 Qc6+ 42. Bc4 Qxd7 43. Qxd7 Rxf1 44. Bxf1) 39... Kg8 40. Qf7+ {[%mdl 64] Double Attack} Kh8 41. Rxd7 {[%csl Gd7][%cal Rf7h7]} Rb1+ 42. Kd2 {[%csl Gd7][%cal Rf7h7]} Qxg2+ 43. Qf2 (43. Kc3 $142 Qc6+ 44. Bc4 Qxd7 45. Qxd7 Rxf1 46. Bxf1 Nc5 47. Qe7 Ne4+ 48. Kd4) 43... Qg5+ 44. Qe3 Qa5+ 45. Ke2 Qh5+ 46. Kd2 Qa5+ 47. Ke2 Qh5+ 48. Rf3 Qxh2+ 49. Rf2 Qh5+ {[#]} 50. Qf3 $1 Qe5+ {[#]} 51. Qe4 $2 (51. Be4 $1 $18 {White threatens Qf8+! and mate.} Qb5+ 52. c4 {[%mdl 64] Discovered Attack} Qb2+ 53. Rd2 Nd4+ 54. Kd3 Qxd2+ 55. Rxd2 Nxf3 56. Bxf3) 51... Qh5+ $14 52. Kd2 {Qa8+ would kill now.} Qg5+ $1 53. Qe3 (53. Rf4 $1 $14 Qxf4+ 54. Qxf4 Nxf4 55. Be4) 53... Rd1+ $1 $11 {The position is equal.} 54. Kxd1 {Threatening mate with Qxg5.} Qxe3 55. Rff7 {And now Bc4 would win.} Qg1+ 56. Kd2 Qg5+ 57. Kd1 Qg1+ 58. Ke2 Qg4+ 59. Kf1 Qh3+ 60. Kf2 Qh4+ 61. Kf1 Qh3+ 62. Kf2 Qh4+ 63. Kf1 Qh3+ {Accuracy: White = 38%, Black = 44%.} 1/2-1/2